| Поле | Название | Значение |
| |
Тип записи |
m |
| |
Библиографический уровень |
m |
| 001 |
Контрольный номер |
0a1c94d16a2b4c47af96344bc9fe03f4 |
| 005 |
Дата корректировки |
20240924172913.0 |
| 080 |
Индекс УДК |
__ |
| a |
Индекс УДК |
796.433.3(04) |
| 090 |
Шифры |
__ |
| c |
Каталожный индекс |
796.433.3(04) |
| x |
Авторский знак |
Х 182 |
| 100 |
Автор |
1_ |
| a |
Автор |
Хамид Джамал Абдулкарим Хамид |
| 245 |
Заглавие |
10 |
| a |
Заглавие |
Коррекция специальной силовой подготовки метателей диска на основе биомеханического анализа параметров усилия в упражнениях на тренажерах |
| b |
Продолж. заглавия |
диссертация на соискание ученой степени кандидата педагогических наук : 13.00.04 : защищена 12.02.15 |
| c |
Ответственность |
Национальный государственный университет физической культуры, спорта и здоровья им. П.Ф. Лесгафта, Санкт-Петербург |
| 256 |
Характеристики компьютерного файла |
__ |
| a |
Характеристики компьютерного файла |
Электрон. текстовые дан. (2 файла : 10,9 МБ) |
| 260 |
Выходные данные |
__ |
| a |
Место издания |
Санкт-Петербург |
| c |
Дата издания |
2014 |
| 300 |
Физическое описание |
__ |
| a |
Объем |
Электрон. дан. (1 файл) |
| b |
Иллюстрации/ тип воспроизводства |
ил. |
| 336 |
Вид содержания |
__ |
| a |
Термин вида содержания |
Текст |
| 337 |
Средство доступа |
__ |
| a |
Термин типа средства |
электронный |
| 500 |
Примечания |
__ |
| a |
Примечание |
Режим доступа: локальная сеть библиотеки, ЭБ. - Загл. с титула экрана. - Электрон. копия печ. версии |
| 520 |
Аннотация |
0_ |
| a |
Аннотация |
В процессе исследования выявлены зависимости между значениями усилий, развиваемых в локальных упражнениях, направленных на развитие специальной силы ведущих мышечных групп, и временными параметрами этих упражнений. Получены новые данные по топографии мышечной силы метателей диска, приведены новые данные по оценке тренировочных сдвигов отдельных мышечных групп на основе оценки прироста показателей максимального усилия. Приведены абсолютно новые данные по величинам граничного и постграничного значения усилия и времени их развития. |
| 650 |
Тематические рубрики |
04 |
| a |
Предметная рубрика |
ФИЗКУЛЬТУРА И СПОРТ |
| 650 |
Тематические рубрики |
14 |
| a |
Предметная рубрика |
ДИССЕРТАЦИИ |
| 650 |
Тематические рубрики |
04 |
| a |
Предметная рубрика |
ЭЛЕКТРОННАЯ БИБЛИОТЕКА |
| 653 |
Ключевые слова |
0_ |
| a |
Ключевые слова |
ЛЕГКАЯ АТЛЕТИКА; МЕТАНИЕ ДИСКА; СПОРТСМЕНЫ ВЫСОКОЙ КВАЛИФИКАЦИИ; БИОМЕХАНИКА СПОРТА; ТРЕНИРОВОЧНЫЙ ПРОЦЕСС; СПЕЦИАЛЬНАЯ ФИЗИЧЕСКАЯ ПОДГОТОВКА; СПЕЦИАЛЬНАЯ СИЛОВАЯ ПОДГОТОВКА; МЫШЕЧНАЯ СИЛА; ТРЕНАЖЕРЫ В СПОРТЕ; БИОМЕХАНИЧЕСКИЙ АНАЛИЗ; ПЕДАГОГИЧЕСКИЙ КОНТРОЛЬ |
| 901 |
Тип документа |
__ |
| t |
Тип документа |
d |
| 952 |
Тип литературы |
__ |
| a |
Тип литературы для КСУ ВШ |
ЭД |
| 999 |
Фонд |
__ |
| a |
Фонд |
диссертации 2024 ЭР |